THE INDIAN CONTRACT ACT, 1872 (Record no. 11532)

MARC details
000 -LEADER
fixed length control field 00248nam a22001097a 4500
003 - CONTROL NUMBER IDENTIFIER
control field SGT
082 ## - DEWEY DECIMAL CLASSIFICATION NUMBER
Classification number 346.022,BAR
100 ## - MAIN ENTRY--PERSONAL NAME
Personal name BARE, ACT
245 ## - TITLE STATEMENT
Title THE INDIAN CONTRACT ACT, 1872
260 ## - PUBLICATION, DISTRIBUTION, ETC. (IMPRINT)
Place of publication, distribution, etc NEW DELHI
Name of publisher, distributor, etc COMMERCIAL LAW
Year of Publication 2014
942 ## - ADDED ENTRY ELEMENTS (KOHA)
Source of classification or shelving scheme Dewey Decimal Classification
Koha item type Books
942 ## - ADDED ENTRY ELEMENTS (KOHA)
-- 61
Holdings
Withdrawn status Lost status Source of classification or shelving scheme Damaged status Not for loan Collection code Home library Current library Shelving location Date acquired SGTU Total Checkouts Full call number Accession No. (Barcode) Date last seen Date last borrowed Bill Date Koha item type Vendor Name
    Dewey Decimal Classification     LAW SGT Science & Social Sciences Library SGT Science & Social Sciences Library Text Book 20/04/2017 SGTU 13 346.022,BAR FLBA01 07/02/2025 07/02/2025 20/04/2017 Books  
    Dewey Decimal Classification     LAW SGT Science & Social Sciences Library SGT Science & Social Sciences Library Text Book 20/04/2017 SGTU 17 346.022,BAR FLBA02 02/04/2025 02/04/2025 20/04/2017 Books DONATE
    Dewey Decimal Classification     LAW SGT Science & Social Sciences Library SGT Science & Social Sciences Library Text Book 20/04/2017 SGTU 11 346.022,BAR FLBA03 10/06/2025 13/05/2025 20/04/2017 Books DONATE
    Dewey Decimal Classification     LAW SGT Science & Social Sciences Library SGT Science & Social Sciences Library Text Book 20/04/2017 SGTU 1 346.022,BAR FLBA04 16/02/2026 02/02/2026 20/04/2017 Books DONATE
    Dewey Decimal Classification     LAW SGT Science & Social Sciences Library SGT Science & Social Sciences Library Text Book 20/04/2017 SGTU 41 346.022,BAR FLBA05 30/04/2026 28/04/2026 20/04/2017 Books DONATE